Best country at each sport - Statistics

General Stats
  • This quiz has been taken 2,268 times
    1,511 since last reset
  • The average score is 8 of 15
Answer Stats
Hint Answer % Correct
100 meter track running sprint USA
87%
Football (Soccer) Brazil
86%
Cross-country skiing Norway
84%
Ice hockey Canada
82%
Table tennis China
80%
Cricket Australia
62%
Cycling France
59%
Sailing Great Britain
45%
Chess Soviet Union
43%
Field hockey India
38%
Equestrian Germany
36%
Archery South Korea
31%
Fencing Italy
28%
Javelin throw Finland
21%
Floorball Sweden
17%
No matching quizzes found
Score Distribution
Percent of People with Each Score
Percentile by Number Answered
Your Score History
You have not taken this quiz since the last reset